Tribhuvan University Central Library

Polymer surfaces from physics to technology (Record no. 19465)

MARC details
000 -LEADER
fixed length control field 008270000a22003250004500
082 ## - DEWEY DECIMAL CLASSIFICATION NUMBER
Classification number 547.70453
Item number G162p
-- T
020 ## - INTERNATIONAL STANDARD BOOK NUMBER
International Standard Book Number 0-471-97100-6
041 ## - LANGUAGE CODE
Language code of text/sound track or separate title Eng
100 ## - MAIN ENTRY--PERSONAL NAME
Personal name Garbassi, Fabio
100 ## - MAIN ENTRY--PERSONAL NAME
Personal name Morra, Marco
100 ## - MAIN ENTRY--PERSONAL NAME
Personal name Occhiello, Ernesto
245 ## - TITLE STATEMENT
Title Polymer surfaces from physics to technology
250 ## - EDITION STATEMENT
Edition statement Rev. edn.
260 ## - PUBLICATION, DISTRIBUTION, ETC. (IMPRINT)
Place of publication, distribution, etc Chichester
Name of publisher, distributor, etc John Wiley, Great Britain
260 ## - PUBLICATION, DISTRIBUTION, ETC. (IMPRINT)
Date of publication, distribution, etc 1998
300 ## - PHYSICAL DESCRIPTION
Extent xii, 486p.
Other physical details illus.
500 ## - GENERAL NOTE
General note Bibliography at the end of each chapter
518 ## - DATE/TIME AND PLACE OF AN EVENT NOTE
Date/time and place of an event note 990910
530 ## - ADDITIONAL PHYSICAL FORM AVAILABLE NOTE
Additional physical form available note M
650 ## - SUBJECT ADDED ENTRY--TOPICAL TERM
Topical term or geographic name as entry element Polymers
650 ## - SUBJECT ADDED ENTRY--TOPICAL TERM
Topical term or geographic name as entry element Polymerization
650 ## - SUBJECT ADDED ENTRY--TOPICAL TERM
Topical term or geographic name as entry element Physics
650 ## - SUBJECT ADDED ENTRY--TOPICAL TERM
Topical term or geographic name as entry element Technology
650 ## - SUBJECT ADDED ENTRY--TOPICAL TERM
Topical term or geographic name as entry element Spectroscopy
650 ## - SUBJECT ADDED ENTRY--TOPICAL TERM
Topical term or geographic name as entry element Nuclear magnetic resonance
650 ## - SUBJECT ADDED ENTRY--TOPICAL TERM
Topical term or geographic name as entry element Biomedical materials
650 ## - SUBJECT ADDED ENTRY--TOPICAL TERM
Topical term or geographic name as entry element Adhesion
650 ## - SUBJECT ADDED ENTRY--TOPICAL TERM
Topical term or geographic name as entry element Frictions 'physics'
942 ## - ADDED ENTRY ELEMENTS (KOHA)
Koha item type General Collections
Holdings
Withdrawn status Lost status Damaged status Not for loan Home library Current library Date acquired Total Checkouts Barcode Date last seen Price effective from
        Tribhuvan University Central Library Tribhuvan University Central Library 06/20/2010   120515 06/20/2010 06/20/2010